[Event "Hillerod CC-ch Mester"]
[Site "Hillerod"]
[Date "2019.02.05"]
[Round "3"]
[White "Oland, Arne"]
[Black "Steenstrup, Svend"]
[Result "1-0"]
[WhiteElo "1827"]
[BlackElo "1947"]
[PlyCount "117"]
[EventDate "2019.01.08"]
[EventType "tourn"]
[EventRounds "7"]
[EventCountry "DEN"]
[SourceTitle "EXT 2021"]
[Source "ChessBase"]
[SourceDate "2020.10.23"]
[SourceVersion "1"]
[SourceVersionDate "2020.10.23"]
[SourceQuality "1"]

1. d4 Nf6 2. Nf3 d6 3. g3 g6 4. Bg2 Bg7 5. 0-0 0-0 6. Re1 c5 7. d5 e6 8. c4 exd5 9. cxd5 b5 10. Na3 b4 11. Nc4 Ba6 12. Nfd2 Re8 13. e4 Qe7 14. Ne3 Nbd7 15. Ndc4 Nb6 16. Nxb6 axb6 17. f3 Nd7 18. Bf1 Bd4 19. Kg2 Qf6 20. Ng4 Qe7 21. Qc2 Nf6 22. Bg5 h5 23. Nxf6+ Bxf6 24. Bxf6 Qxf6 25. Bxa6 Rxa6 26. f4 Ra7 27. a3 Rea8 28. e5 Qd8 29. e6 f5 30. Re3 Qf6 31. Qe2 b5 32. Re1 bxa3 33. bxa3 Qd4 34. Rd1 Qc4 35. Qb2 Rg7 36. Rdd3 b4 37. Qd2 Rb8 38. axb4 cxb4 39. Qb2 b3 40. Rd2 Re7 41. Qf6 Rg7 42. e7 Re8 43. Qxd6 Qb5 44. Rb2 Qb7 45. Rbxb3 Qa7 46. Qe6+ Kh7 47. d6 Qa2+ 48. Re2 Qa8+ 49. Kh3 Kh6 50. Rbe3 h4 51. g4 Qh1 52. gxf5 Qf1+ 53. Rg2 Qxf4 54. Rxg6+ Kh5 55. Rxg7 Qf1+ 56. Rg2 Rg8 57. Qf7+ Kh6 58. Qf6+ Kh5 59. Qxh4# 1-0

[Event "Helsingor Xtracon op"]
[Site "Helsingor"]
[Date "2018.07.25"]
[Round "6"]
[White "Oland, Arne"]
[Black "Harders, Poul Erik"]
[Result "1-0"]
[WhiteElo "1875"]
[BlackElo "1693"]
[PlyCount "141"]
[EventDate "2018.07.21"]
[EventType "swiss"]
[EventRounds "10"]
[EventCountry "DEN"]
[SourceTitle "CBM 185 Extra"]
[Source "ChessBase"]
[SourceDate "2018.07.29"]
[SourceVersion "1"]
[SourceVersionDate "2018.07.29"]
[SourceQuality "1"]

1. d4 Nf6 2. Nf3 g6 3. c4 Bg7 4. Nc3 0-0 5. e4 d6 6. h3 Nbd7 7. Be3 e5 8. d5 Ne8 9. g4 b6 10. Qc2 a5 11. Be2 Nc5 12. 0-0-0 Na6 13. Rdg1 Bd7 14. Qd2 Nc5 15. Bg5 f6 16. Bh6 a4 17. h4 c6 18. Bxg7 Kxg7 19. Qe3 cxd5 20. Nxd5 Rc8 21. Kb1 Ne6 22. Nxb6 Rb8 23. Nxd7 Qxd7 24. g5 Qb7 25. Qc3 Nf4 26. Qc2 Rf7 27. Ka1 Nxe2 28. Qxe2 Rc7 29. Rc1 Qb6 30. gxf6+ Nxf6 31. Ng5 Kg8 32. Rhd1 Rcb7 33. Rc2 h6 34. Nh3 Kg7 35. Qd3 Rd8 36. f3 Nh5 37. Rg2 Kh7 38. Rgd2 Kg7 39. Qa3 Qb4 40. Qxb4 Rxb4 41. Rc2 Rbb8 42. Rc3 Kf7 43. b3 axb3 44. axb3 Ke7 45. Kb2 Rdc8 46. Ra1 Rc7 47. Ra3 Ng3 48. Rc2 Rf8 49. b4 Nf1 50. Rc1 Nd2 51. c5 dxc5 52. bxc5 Rxf3 53. Rxf3 Nxf3 54. Kb3 Nd4+ 55. Kc4 Ke6 56. Rb1 Nc6 57. Rb6 Kf7 58. Nf2 Na5+ 59. Kb5 Nb3 60. c6 Nd4+ 61. Kc5 Ke6 62. Nd3 g5 63. hxg5 hxg5 64. Nf2 Nb3+ 65. Rxb3 Rf7 66. Rb2 Rf8 67. c7 Kd7 68. Rb8 Rc8 69. Rxc8 Kxc8 70. Kd6 g4 71. Nxg4 1-0

[Event "Hillerod CC-chA"]
[Site "Hillerod"]
[Date "2018.01.09"]
[Round "2"]
[White "Oland, Arne"]
[Black "Steenstrup, Svend"]
[Result "1-0"]
[WhiteElo "1882"]
[BlackElo "1956"]
[PlyCount "55"]
[EventDate "2018.01.02"]
[EventType "tourn"]
[EventRounds "7"]
[EventCountry "DEN"]
[SourceTitle "EXT 2020"]
[Source "ChessBase"]
[SourceDate "2019.10.17"]
[SourceVersion "1"]
[SourceVersionDate "2019.10.17"]
[SourceQuality "1"]

1. d4 Nf6 2. c4 g6 3. Nc3 d5 4. Bg5 Ne4 5. Bh4 Bg7 6. e3 c5 7. cxd5 Nxc3 8. bxc3 cxd4 9. cxd4 Qxd5 10. Rc1 Nc6 11. Qd2 Be6 12. Rc2 Nxd4 13. exd4 Qe4+ 14. Qe2 Qxh4 15. Nf3 Qh5 16. Rc5 Qh6 17. Qb5+ Bd7 18. Qxb7 0-0 19. Qxd7 Rab8 20. Bd3 Rfd8 21. Qc7 e5 22. 0-0 exd4 23. Bc4 Rf8 24. Bxf7+ Kh8 25. Bb3 Rbc8 26. Qxc8 Rxc8 27. Rxc8+ Bf8 28. Nxd4 1-0

[Event "Helsingor Xtracon op"]
[Site "Helsingor"]
[Date "2017.07.30"]
[Round "10"]
[White "Oland, Arne"]
[Black "Langvik, Ulrikke"]
[Result "0-1"]
[WhiteElo "1912"]
[BlackElo "1640"]
[PlyCount "70"]
[EventDate "2017.07.22"]
[EventType "swiss"]
[EventRounds "10"]
[EventCountry "DEN"]
[SourceTitle "CBM 179 Extra"]
[Source "ChessBase"]
[SourceDate "2017.08.23"]
[SourceVersion "1"]
[SourceVersionDate "2017.08.23"]
[SourceQuality "1"]

1. d4 e6 2. e4 d5 3. e5 c5 4. c3 Qb6 5. Nf3 Nc6 6. Be2 Nh6 7. 0-0 cxd4 8. cxd4 Nf5 9. Nc3 Nfxd4 10. Be3 Nxf3+ 11. Bxf3 Qxb2 12. Rc1 Nxe5 13. Bxd5 Be7 14. Bb3 0-0 15. Rc2 Qa3 16. Nb5 Qa5 17. Nc7 Rb8 18. Qd4 Nc6 19. Rxc6 bxc6 20. Bf4 Rb4 21. Qe3 Bd8 22. Nxe6 Bxe6 23. Bxe6 Re8 24. Bd6 Rb7 25. Bxf7+ Kxf7 26. Qf3+ Kg8 27. Qxc6 Qb5 28. Qc2 Ba5 29. g3 Qd5 30. Ba3 Rb6 31. Bc1 Rbe6 32. Be3 Bb6 33. Rd1 Qc6 34. Qb3 Kh8 35. Bxb6 Re1+ 0-1

[Event "Helsingor Xtracon op"]
[Site "Helsingor"]
[Date "2017.07.23"]
[Round "2"]
[White "Oland, Arne"]
[Black "Shehzad, Kasher"]
[Result "1/2-1/2"]
[WhiteElo "1912"]
[BlackElo "1650"]
[PlyCount "88"]
[EventDate "2017.07.22"]
[EventType "swiss"]
[EventRounds "10"]
[EventCountry "DEN"]
[SourceTitle "CBM 179 Extra"]
[Source "ChessBase"]
[SourceDate "2017.08.23"]
[SourceVersion "1"]
[SourceVersionDate "2017.08.23"]
[SourceQuality "1"]

1. d4 d5 2. Nf3 c6 3. Bf4 Nf6 4. e3 Bg4 5. Be2 e6 6. Nbd2 Bd6 7. Bxd6 Qxd6 8. 0-0 Nbd7 9. c3 Rc8 10. b4 b6 11. h3 Bh5 12. Re1 0-0 13. Nf1 Ne4 14. Rc1 c5 15. N3d2 Bxe2 16. Qxe2 cxb4 17. Nxe4 dxe4 18. cxb4 Qxb4 19. Qa6 Rc3 20. Qxa7 Nf6 21. Rb1 Qa3 22. Qxa3 Rxa3 23. Rxb6 Rxa2 24. Ng3 Nd5 25. Rb7 f5 26. Rc1 Ra6 27. h4 Rfa8 28. Rcb1 Ra1 29. Ne2 Rxb1+ 30. Rxb1 Kf7 31. Rb7+ Kf6 32. Ng3 Kg6 33. Rb2 Ra4 34. Ne2 Kf6 35. Rc2 h6 36. g3 g5 37. Kg2 gxh4 38. gxh4 Ra8 39. Ng3 Rg8 40. Kh3 Ke7 41. Ra2 Kf6 42. Ra6 Re8 43. Ra7 Re7 44. Ra8 Rg7 1/2-1/2

[Event "Hillerod CC-chA"]
[Site "Hillerod"]
[Date "2017.01.24"]
[Round "5"]
[White "Pedersen, Carsten1111"]
[Black "Oland, Arne"]
[Result "0-1"]
[WhiteElo "1947"]
[BlackElo "1897"]
[PlyCount "78"]
[EventDate "2016.11.29"]
[EventType "tourn"]
[EventRounds "9"]
[EventCountry "DEN"]
[SourceTitle "EXT 2018"]
[Source "ChessBase"]
[SourceDate "2017.10.13"]
[SourceVersion "1"]
[SourceVersionDate "2017.10.13"]
[SourceQuality "1"]

1. d4 e6 2. c4 d5 3. cxd5 exd5 4. Nc3 Nf6 5. Bf4 Be7 6. Nf3 0-0 7. a3 c6 8. h3 Re8 9. e3 Bf5 10. Qb3 Qb6 11. Qxb6 axb6 12. Be2 Nbd7 13. 0-0 h6 14. Rfe1 b5 15. g4 Bh7 16. Nd2 g5 17. Bg3 Bf8 18. Bf1 b4 19. axb4 Bxb4 20. Bg2 Kg7 21. Kh2 Bg6 22. Rxa8 Rxa8 23. f4 Bxc3 24. bxc3 Ra2 25. Re2 Be4 26. fxg5 hxg5 27. Rf2 Bxg2 28. Kxg2 Ra3 29. Nf3 Ne4 30. Rc2 b5 31. Be1 f6 32. h4 gxh4 33. Nxh4 Nb6 34. Nf5+ Kf7 35. Kf3 Nc4 36. Rh2 Ng5+ 37. Kf4 Ra1 38. Bh4 Rf1+ 39. Rf2 Nh3+ 0-1

[Event "Hillerod Spar Nord op"]
[Site "Hillerod"]
[Date "2016.10.07"]
[Round "4"]
[White "Oland, Arne"]
[Black "Malchau, Helge"]
[Result "1-0"]
[WhiteElo "1888"]
[BlackElo "1745"]
[PlyCount "55"]
[EventDate "2016.09.13"]
[EventType "swiss"]
[EventRounds "7"]
[EventCountry "DEN"]
[SourceTitle "EXT 2024"]
[Source "ChessBase"]
[SourceDate "2023.10.10"]
[SourceVersion "1"]
[SourceVersionDate "2023.10.10"]
[SourceQuality "1"]

1. d4 d5 2. Nf3 Nf6 3. c4 e6 4. Nc3 Be7 5. e3 0-0 6. b3 c6 7. Bd3 Nbd7 8. 0-0 Bd6 9. Bb2 e5 10. cxd5 cxd5 11. dxe5 Nxe5 12. Nxe5 Bxe5 13. Rc1 a6 14. f4 Bc7 15. Na4 Bb6 16. Nxb6 Qxb6 17. Bd4 Qd8 18. Qf3 Re8 19. Rc5 Ne4 20. Bxe4 dxe4 21. Qg3 g6 22. f5 b6 23. fxg6 fxg6 24. Rc7 Re7 25. Rfc1 b5 26. Rxe7 Qxe7 27. Rc7 Qa3 28. Qe5 1-0

[Event "Hillerod op"]
[Site "Hillerod"]
[Date "2015.10.02"]
[Round "5"]
[White "Oland, Arne"]
[Black "Steenstrup, Svend"]
[Result "0-1"]
[WhiteElo "1950"]
[BlackElo "1948"]
[PlyCount "44"]
[EventDate "2015.09.08"]
[EventType "swiss"]
[EventRounds "7"]
[EventCountry "DEN"]
[SourceTitle "EXT 2024"]
[Source "ChessBase"]
[SourceDate "2023.10.10"]
[SourceVersion "1"]
[SourceVersionDate "2023.10.10"]
[SourceQuality "1"]

1. d4 g6 2. e4 Nf6 3. Nc3 d5 4. e5 Nh5 5. f4 Nc6 6. Nf3 Bf5 7. a3 Qd7 8. Be3 Ng7 9. Be2 h5 10. Qd2 h4 11. Bf2 Ne6 12. b4 Nxf4 13. Qxf4 Bh6 14. Ng5 f6 15. Bxh4 fxg5 16. Bxg5 Bxg5 17. Qxg5 Nxd4 18. 0-0 Qc6 19. Qd2 Qxc3 20. Bb5+ Nxb5 21. Qxd5 Qd4+ 22. Qxd4 Nxd4 0-1

[Event "Hillerod Byturnering A"]
[Site "Hillerod"]
[Date "2015.??.??"]
[Round "6"]
[White "Jacobsen, Hans Endrup"]
[Black "Oland, Arne"]
[Result "1-0"]
[WhiteElo "1969"]
[BlackElo "1972"]
[PlyCount "57"]
[EventDate "2015.04.28"]
[EventType "tourn"]
[EventRounds "7"]
[EventCountry "DEN"]
[SourceTitle "EXT 2024"]
[Source "ChessBase"]
[SourceDate "2023.10.10"]
[SourceVersion "1"]
[SourceVersionDate "2023.10.10"]
[SourceQuality "1"]

1. d4 f5 2. c4 Nf6 3. Nc3 g6 4. Nf3 Bg7 5. g3 0-0 6. Bg2 d6 7. 0-0 c6 8. d5 cxd5 9. cxd5 Na6 10. Be3 Bd7 11. Rc1 b6 12. Nd4 Ng4 13. Qd2 Nxe3 14. Qxe3 Nc7 15. Rfd1 Rc8 16. a4 Qe8 17. Nc6 Bxc6 18. dxc6 Rf6 19. a5 bxa5 20. Qxa7 Qf8 21. Nd5 Nxd5 22. Rxd5 Re6 23. Rd2 Re5 24. c7 Rb5 25. Bb7 f4 26. Qa6 fxg3 27. hxg3 Bh6 28. Bxc8 Bxd2 29. Be6+ 1-0

[Event "Hillerod Byturnering A"]
[Site "Hillerod"]
[Date "2015.??.??"]
[Round "7"]
[White "Oland, Arne"]
[Black "Tandrup, Michael"]
[Result "1/2-1/2"]
[WhiteElo "1972"]
[BlackElo "1963"]
[PlyCount "96"]
[EventDate "2015.04.28"]
[EventType "tourn"]
[EventRounds "7"]
[EventCountry "DEN"]
[SourceTitle "EXT 2024"]
[Source "ChessBase"]
[SourceDate "2023.10.10"]
[SourceVersion "1"]
[SourceVersionDate "2023.10.10"]
[SourceQuality "1"]

1. d4 e6 2. e4 d5 3. e5 c5 4. c3 Nc6 5. Nf3 Qb6 6. b3 cxd4 7. Bb2 dxc3 8. Nxc3 Bc5 9. Qd2 d4 10. Na4 Bb4 11. Nxb6 Bxd2+ 12. Kxd2 axb6 13. Bb5 Bd7 14. a4 Nge7 15. Rhe1 0-0 16. Nxd4 Nxd4 17. Bxd4 Bxb5 18. axb5 Rad8 19. Kc3 Rc8+ 20. Kb2 Nd5 21. Rec1 Rfd8 22. Rxc8 Rxc8 23. g3 Kf8 24. f4 g6 25. Ra7 Rb8 26. Ra4 Ke7 27. Rc4 Kd7 28. Kc2 Ra8 29. Ra4 Rc8+ 30. Rc4 Nc7 31. Bxb6 Nxb5 32. Rxc8 Kxc8 33. Kd3 Kd7 34. Kc4 Kc6 35. Bc5 Nc7 36. b4 h5 37. h4 b6 38. Bf2 b5+ 39. Kd4 Nd5 40. Be1 Ne7 41. Ke4 Nf5 42. Bf2 Ne7 43. Be1 Nd5 44. Kd4 Nb6 45. Ke4 Kd7 46. Kd4 Kc6 47. Ke4 Kd7 48. Kd4 Kc6 1/2-1/2

[Event "Hillerod Byturnering A"]
[Site "Hillerod"]
[Date "2015.??.??"]
[Round "2"]
[White "Pedersen, Christopher RNH"]
[Black "Oland, Arne"]
[Result "1-0"]
[WhiteElo "2074"]
[BlackElo "1972"]
[PlyCount "133"]
[EventDate "2015.04.28"]
[EventType "tourn"]
[EventRounds "7"]
[EventCountry "DEN"]
[SourceTitle "EXT 2024"]
[Source "ChessBase"]
[SourceDate "2023.10.10"]
[SourceVersion "1"]
[SourceVersionDate "2023.10.10"]
[SourceQuality "1"]

1. e4 e6 2. d3 d5 3. Nd2 c5 4. Ngf3 Nc6 5. g3 Nf6 6. Bg2 Be7 7. 0-0 0-0 8. Re1 b6 9. h4 dxe4 10. Ng5 Bb7 11. Ndxe4 Qd7 12. Nxf6+ Bxf6 13. Ne4 Be7 14. Bd2 Rad8 15. Bc3 Nd4 16. Bxd4 Qxd4 17. Nc3 Bxg2 18. Kxg2 Qb4 19. Qc1 Bf6 20. Re4 Rd4 21. a3 Qa5 22. Rxd4 Bxd4 23. Ne2 Bf6 24. Rb1 Rd8 25. Nf4 Qb5 26. b3 Qc6+ 27. f3 g6 28. Qe3 e5 29. Ne2 Bg7 30. g4 h6 31. g5 h5 32. Ng3 f5 33. gxf6 Qxf6 34. Rh1 Qf4 35. Qxf4 exf4 36. Ne4 Bd4 37. Kf1 Kf7 38. Ke2 Ke6 39. Rh2 Kf5 40. Kf1 Rd7 41. Kg2 Bf6 42. Kh3 Bd8 43. Re2 Re7 44. Nd6+ Kf6 45. Rxe7 Bxe7 46. Nc8 Ke6 47. Nxa7 Kd5 48. Nb5 Bf6 49. c3 Kc6 50. a4 Kd5 51. Nc7+ Kc6 52. Ne6 Be5 53. Nf8 Bxc3 54. Nxg6 Bd2 55. Ne5+ Kd5 56. Nd7 Ba5 57. Nf6+ Kd4 58. Nxh5 Bd2 59. Kg4 Kxd3 60. Nxf4+ Kc2 61. Nd5 Kxb3 62. Nxb6 Ba5 63. Nd5 Kc4 64. Nf6 Kd4 65. h5 Bd8 66. Ne4 c4 67. h6 1-0

[Event "Hillerod op"]
[Site "Hillerod"]
[Date "2014.??.??"]
[Round "6"]
[White "Jacobsen, Hans Endrup"]
[Black "Oland, Arne"]
[Result "0-1"]
[WhiteElo "1966"]
[BlackElo "1964"]
[PlyCount "112"]
[EventDate "2014.08.26"]
[EventType "swiss"]
[EventRounds "7"]
[EventCountry "DEN"]
[SourceTitle "EXT 2024"]
[Source "ChessBase"]
[SourceDate "2023.10.10"]
[SourceVersion "1"]
[SourceVersionDate "2023.10.10"]
[SourceQuality "1"]

1. e4 e6 2. d4 d5 3. Nc3 Bb4 4. Nge2 dxe4 5. a3 Be7 6. Nxe4 Nf6 7. N2g3 Nbd7 8. Be3 0-0 9. Bd3 b6 10. 0-0 Bb7 11. c4 c5 12. Qc2 Qc7 13. Ng5 h6 14. Nf3 Rfd8 15. Rfe1 Bxf3 16. gxf3 cxd4 17. Bxd4 Nc5 18. Be5 Qc6 19. Be4 Nfxe4 20. Nxe4 Nd3 21. Qc3 Nxe1 22. Rxe1 Bf8 23. Kh1 f5 24. Bxg7 fxe4 25. Rg1 Qd7 26. Bxf8+ Kxf8 27. Qh8+ Ke7 28. Qh7+ Kd6 29. Rd1+ Kc7 30. Rxd7+ Rxd7 31. Qxe4 Rd1+ 32. Kg2 Rg8+ 33. Kh3 Kd6 34. f4 Rdg1 35. Qe5+ Kd7 36. Qd4+ Ke7 37. c5 Rd8 38. Qe3 Rd5 39. Qf3 bxc5 40. Kh4 Rgd1 41. Qe4 h5 42. Qh7+ Kd6 43. Qxa7 R1d4 44. Qb8+ Ke7 45. Kg3 Rf5 46. f3 Rd2 47. a4 h4+ 48. Kxh4 Rg2 49. a5 Rf8 50. Qc7+ Kf6 51. Qe5+ Kf7 52. a6 Rh8+ 53. Qxh8 Rxh2+ 54. Kg5 Rxh8 55. f5 Ra8 56. fxe6+ Kxe6 0-1

[Event "Hillerod op"]
[Site "Hillerod"]
[Date "2014.??.??"]
[Round "7"]
[White "Oland, Arne"]
[Black "Kuhn, Morten"]
[Result "1-0"]
[WhiteElo "1964"]
[BlackElo "1856"]
[PlyCount "97"]
[EventDate "2014.08.26"]
[EventType "swiss"]
[EventRounds "7"]
[EventCountry "DEN"]
[SourceTitle "EXT 2024"]
[Source "ChessBase"]
[SourceDate "2023.10.10"]
[SourceVersion "1"]
[SourceVersionDate "2023.10.10"]
[SourceQuality "1"]

1. d4 Nf6 2. c4 c5 3. d5 e6 4. Nc3 exd5 5. cxd5 d6 6. Nf3 g6 7. Bg5 Bg7 8. e3 0-0 9. Be2 Re8 10. 0-0 h6 11. Bh4 g5 12. Bg3 Nh5 13. Nd2 Nxg3 14. hxg3 Nd7 15. a4 Ne5 16. f4 Ng6 17. f5 Ne5 18. Nde4 a6 19. Qd2 g4 20. f6 Bf8 21. Rf2 Bd7 22. Kh2 Qc8 23. Rh1 c4 24. Kg1 b5 25. a5 Bf5 26. Rf4 Ng6 27. Nf2 Nxf4 28. gxf4 g3 29. Nfd1 Qd8 30. Qd4 Qxa5 31. Rh5 Bg6 32. Rh3 b4 33. Rxg3 Kh7 34. e4 bxc3 35. Nxc3 Bxe4 36. Bh5 Bg6 37. Bxg6+ fxg6 38. Qd1 Qc7 39. f5 g5 40. Qh5 Qa7+ 41. Kh2 Kh8 42. Rxg5 Re1 43. Ne2 Qh7 44. Rg6 Ra7 45. Nf4 Rf7 46. Ne6 Rxe6 47. fxe6 Rxf6 48. Rxf6 Qg7 49. Qf7 1-0

[Event "Hillerod op"]
[Site "Hillerod"]
[Date "2014.??.??"]
[Round "1"]
[White "Surlykke, Thomas Holme"]
[Black "Oland, Arne"]
[Result "0-1"]
[WhiteElo "1400"]
[BlackElo "1964"]
[PlyCount "90"]
[EventDate "2014.08.26"]
[EventType "swiss"]
[EventRounds "7"]
[EventCountry "DEN"]
[SourceTitle "EXT 2024"]
[Source "ChessBase"]
[SourceDate "2023.10.10"]
[SourceVersion "1"]
[SourceVersionDate "2023.10.10"]
[SourceQuality "1"]

1. e4 e6 2. d4 d5 3. Nc3 Bb4 4. exd5 exd5 5. Nf3 Bg4 6. h3 Bh5 7. Be2 Ne7 8. 0-0 0-0 9. Re1 Nbc6 10. a3 Bxc3 11. bxc3 Re8 12. Rb1 Na5 13. Qd3 Bg6 14. Qd2 c6 15. Ne5 f6 16. Nxg6 Nxg6 17. Qd3 b5 18. Ra1 Nc4 19. a4 a6 20. Qg3 Re4 21. axb5 axb5 22. Rxa8 Qxa8 23. Kf1 Qe8 24. Qc7 Re6 25. Qa7 h5 26. Qa1 h4 27. g3 hxg3 28. fxg3 Nd6 29. Bf4 Nxf4 30. gxf4 Ne4 31. Bd3 f5 32. Qc1 Qh5 33. Qe3 Rh6 34. Kg2 Qh4 35. Rg1 Kf7 36. Kh2 Re6 37. Qf3 g6 38. Bxe4 Rxe4 39. Qg3 Qxf4 40. Qxf4 Rxf4 41. Kg3 g5 42. Re1 Re4 43. Ra1 Re3+ 44. Kg2 Rxc3 45. Ra2 Rc4 0-1